| 000 | 00879cab a2200181 ab4500 | ||
|---|---|---|---|
| 005 | 20250606105621.0 | ||
| 008 | 231211c1997 mx|br|p|o|||| 00| 0 spa d | ||
| 040 |
_aMX-MxUPN _bspa _cMX-MxUPN _eaacr2 |
||
| 100 | 1 |
_935407 _aCarrillo, Carlos A., _d1855-1893 |
|
| 245 | 1 | 1 |
_a¿Es geografía lo que se enseña en nuestras escuelas? _h[recurso electrónico en línea] |
| 506 | 0 | _aAcceso abierto | |
| 520 | 3 | _aEn muchas de nuestras escuelas se cree y se dice que se enseña geografía; pero nada más se cree y se dice porque no se enseña en realidad. Se debe apoyar en los resultados de los exámenes... | |
| 653 | _aEnseñanza de la geografía | ||
| 773 |
_gAño 12, no. 45 (1997), p. 49-56 _tCero en conducta _x0187-1412 |
||
| 856 | _uhttps://www.ceroenconducta.org/revistas/Revista45/Revista45Sello%20%28arrastrado%29%204.pdf | ||
| 902 | _aGloria Jiménez/060625 | ||
| 942 | _cART | ||
| 999 |
_c210697 _d210697 |
||